000 00772nam a2200217Ia 4500
003 OSt
005 20260512152745.0
008 210210b1993 xxu||||| |||| 00| 0 eng d
040 _cAL
041 _aeng
082 _a954.871 DODM
100 _aDODDAMANE (A Wahab)
_9183398
245 _aMuslims in dakshina kannada. (a historical study upto 1947 and survey of recent developments)
260 _aMangalore.
_bGreen Words Publication.,
_c1993
300 _a210
520 _aa critical, scholarly analysis of the socio-economic, historical, and cultural landscape of the Muslim community in South Kanara, specifically the Beary community
650 _aSouth Kanara /South Canara
_9183412
690 _aDakshina Kannada
_9183411
906 _a049031
942 _2ddc
_cBK
999 _c97882
_d97882